Determinación de brechas tecnológicas en la producción ovina en el Municipio de San José del Rincón, Estado de México / (Record no. 170032)
[ view plain ]
| 000 -CABECERA | |
|---|---|
| campo de control de longitud fija | 01320nam a2200349Ia 4500 |
| 001 - NÚMERO DE CONTROL | |
| campo de control | Z_6756 |
| 003 - IDENTIFICADOR DEL NÚMERO DE CONTROL | |
| campo de control | CHAP |
| 005 - FECHA Y HORA DE LA ÚLTIMA TRANSACCIÓN | |
| campo de control | 20230721134128.0 |
| 008 - DATOS DE LONGITUD FIJA--INFORMACIÓN GENERAL | |
| campo de control de longitud fija | 220113s2014 xx 000 0 und d |
| 010 ## - NÚMERO DE CONTROL DE LA BIBLIOTECA DEL CONGRESO | |
| Número de control de LC | 170032 |
| 040 ## - FUENTE DE LA CATALOGACIÓN | |
| Centro/agencia transcriptor | CHAP |
| 090 ## - LOCALMENTE ASIGNADO TIPO-LC NÚMERO DE CLASIFICACIÓN (OCLC); NÚMERO DE CLASIFICACIÓN LOCAL (RLIN) | |
| Número de clasificación (OCLC) (R) ; Numero de clasificación, CALL (RLIN) (NR) | Tesis T67 2433 |
| 100 ## - ENTRADA PRINCIPAL--NOMBRE DE PERSONA | |
| Nombre de persona | Torres Hernández, Yanira |
| 9 (RLIN) | 128789 |
| 245 ## - MENCIÓN DE TÍTULO | |
| Título | Determinación de brechas tecnológicas en la producción ovina en el Municipio de San José del Rincón, Estado de México / |
| Mención de responsabilidad, etc. | Yanira Torres Hernández y Juan Lozano Lázaro |
| 260 ## - PUBLICACIÓN, DISTRIBUCIÓN, ETC. | |
| Lugar de publicación, distribución, etc. | México : |
| Nombre del editor, distribuidor, etc. | El autor, |
| Fecha de publicación, distribución, etc. | 2014 |
| 300 ## - DESCRIPCIÓN FÍSICA | |
| Extensión | 65 p |
| 502 ## - NOTA DE TESIS | |
| Nota de tesis | Tesis (Ingeniero Agrónomo Especialista en Zootecnia) -- UACh, 2014 \ Dirección: Hermilo Suárez Domínguez; asesoría: Luis Antonio Saavedra Jiménez y Silvia Larios Cueto |
| 650 ## - PUNTO DE ACCESO ADICIONAL DE MATERIA--TÉRMINO DE MATERIA | |
| Término de materia o nombre geográfico como elemento de entrada | Brecha tecnológica |
| 9 (RLIN) | 145213 |
| 650 ## - PUNTO DE ACCESO ADICIONAL DE MATERIA--TÉRMINO DE MATERIA | |
| Término de materia o nombre geográfico como elemento de entrada | Ganado ovino |
| 9 (RLIN) | 139065 |
| 650 ## - PUNTO DE ACCESO ADICIONAL DE MATERIA--TÉRMINO DE MATERIA | |
| Término de materia o nombre geográfico como elemento de entrada | Manual |
| 9 (RLIN) | 145842 |
| 650 ## - PUNTO DE ACCESO ADICIONAL DE MATERIA--TÉRMINO DE MATERIA | |
| Término de materia o nombre geográfico como elemento de entrada | Proceso de producción |
| 9 (RLIN) | 145843 |
| 700 ## - PUNTO DE ACCESO ADICIONAL--NOMBRE DE PERSONA | |
| Nombre de persona | Larios Cueto, Silvia, asesor |
| 9 (RLIN) | 145844 |
| 700 ## - PUNTO DE ACCESO ADICIONAL--NOMBRE DE PERSONA | |
| Nombre de persona | Saavedra Jiménez, Luis Antonio, asesor |
| 9 (RLIN) | 145259 |
| 700 ## - PUNTO DE ACCESO ADICIONAL--NOMBRE DE PERSONA | |
| Nombre de persona | Suárez Domínguez, Hermilo, director |
| 700 ## - PUNTO DE ACCESO ADICIONAL--NOMBRE DE PERSONA | |
| Nombre de persona | Lozano Lazaro, Juan, coaut. |
| 9 (RLIN) | 145845 |
| 856 42 - LOCALIZACIÓN Y ACCESO ELECTRÓNICOS | |
| Identificador Uniforme del Recurso | <a href="http://10.13.5.2/tesis/sist111012.pdf">http://10.13.5.2/tesis/sist111012.pdf</a> |
| Texto de enlace | Descargar PDF |
| 901 ## - ELEMENTOS DE DATOS A LOCAL LDA (RLIN) | |
| a | TESIS T67 2433 |
| 902 ## - ELEMENTOS DE DATOS B LOCAL, LDB (RLIN) | |
| a | A |
| 910 ## - DATOS DE OPCIÓN DEL USUARIO (OCLC) | |
| Datos de opción del usuario | 2014 |
| 942 ## - ELEMENTOS DE PUNTO DE ACCESO ADICIONAL (KOHA) | |
| Tipo de ítem Koha | Tesis_ |
| Fuente del sistema de clasificación o colocación | Dewey Decimal Classification |
| 942 ## - ELEMENTOS DE PUNTO DE ACCESO ADICIONAL (KOHA) | |
| Tipo de ítem Koha | Tesis_ |
| Fuente del sistema de clasificación o colocación | Dewey Decimal Classification |
| Estado de retiro | Estado de pérdida | Fuente del sistema de clasificación o colocación | Estado dañado | No para préstamo | Código de colección | Localización permanente | Ubicación/localización actual | Fecha de adquisición | Fuente de adquisición | Total de préstamos | Signatura topográfica completa | Código de barras | Fecha visto por última vez | Número de copia | Precio válido a partir de | Tipo de ítem Koha | Restricciones de uso |
|---|---|---|---|---|---|---|---|---|---|---|---|---|---|---|---|---|---|
| Clasificación Universidad Autónoma de Chapingo | Excluido de préstamo | Tesis | Zootecnia | Zootecnia | 26/10/2016 | El autor | Tesis T67 2433 | z_T 4463 | 18/01/2022 | 1 | 18/01/2022 | CD | |||||
| Clasificación Universidad Autónoma de Chapingo | Excluido de préstamo | Tesis | Zootecnia | Zootecnia | 26/10/2016 | El autor | Tesis T67 2433 | z_T 4464 | 18/01/2022 | 2 | 18/01/2022 | CD | |||||
| Clasificación Universidad Autónoma de Chapingo | Tesis | Zootecnia | Zootecnia | 26/10/2016 | El autor | Tesis T67 2433 | z_T 4465 | 18/01/2022 | 3 | 18/01/2022 | Tesis | Préstamo 5 días |
